Music Quiz

Random Music Quiz
Score 0/58 Timer 20:00
0 Plays Today
% Correct
Primo Victoria
96.4%
Attero Dominatus
88%
Night Witches
86.7%
The Art of War
83.1%
Carolus Rex
81.9%
Rise of Evil
78.3%
Nuclear Attack
77.1%
Wolfpack
77.1%
The Lion from the North
73.5%
Purple Heart
72.3%
Sparta
71.1%
To Hell and Back
68.7%
Shiroyama
67.5%
The Price of a Mile
66.3%
Rorke's Drift
66.3%
Midway
65.1%
1648
62.7%
Winged Hussars
61.4%
Panzerkampf
59%
Coat of Arms
57.8%
Inmate 4859
56.6%
Soldier of 3 Armies
56.6%
Panzer Battalion
55.4%
Gott Mit Uns
55.4%
Uprising
55.4%
Ghost Division
54.2%
No Bullets Fly
54.2%
Cliffs of Gallipoli
54.2%
The Final Solution
54.2%
% Correct
The Last Battle
54.2%
Long Live the King
54.2%
White Death
54.2%
Smoking Snakes
53%
A Lifetime of War
53%
Last Dying Breath
51.8%
Into the Fire
50.6%
The Ballad of Bull
50.6%
Poltava
49.4%
Blood of Bannockburn
47%
The Lost Battalion
47%
The Last Stand
47%
Light in the Black
44.6%
Resist and Bite
42.2%
Reign of Terror
39.8%
Counterstrike
39.8%
Union (Slopes of St. Benedict)
36.1%
Hill 3234
34.9%
Wehrmacht
34.9%
Talvisota
32.5%
Saboteurs
32.5%
Far From the Fame
32.5%
Screaming Eagles
31.3%
We Burn
30.1%
40:1
28.9%
Killing Ground
28.9%
Stalingrad
27.7%
Unbreakable
27.7%
Back in Control
24.1%
Remove Ads.
Support Sporcle.
Get the best of Sporcle when you Go Orange. This ad-free experience offers more features, more stats, and more fun while also helping to support Sporcle. Thank you for becoming a member.

You're not logged in!

Compare scores with friends on all Sporcle quizzes.
OR
Log In

Show Comments

Extras

Top Quizzes Today


Score Distribution

Your Account Isn't Verified!

In order to create a playlist on Sporcle, you need to verify the email address you used during registration. Go to your Sporcle Settings to finish the process.

Report this User

Report this user for behavior that violates our Community Guidelines.

Details: